Flags with only one Star (by picture) - Statistics

General Stats
  • This quiz has been taken 85 times
  • The average score is 24 of 36
Answer Stats
Picture Answer % Correct
Israel
87%
Morocco
87%
Algeria
85%
Cuba
85%
North Korea
81%
Vietnam
81%
Togo
74%
Angola
72%
Jordan
72%
Chile
70%
Malaysia
70%
Ethiopia
69%
Libya
69%
Suriname
69%
Turkey
69%
Liberia
67%
Mozambique
67%
Nauru
67%
Pakistan
67%
Tunisia
67%
Senegal
65%
Somalia
65%
Azerbaijan
63%
Burkina Faso
61%
Cameroon
61%
Ghana
61%
Marshall Islands
61%
Myanmar
61%
Djibouti
59%
East Timor
59%
D. R. Congo
57%
South Sudan
57%
Zimbabwe
57%
Guinea Bissau
54%
Mauritania
48%
Central African Republic
30%
No matching quizzes found
Score Distribution
Percent of People with Each Score
Percentile by Number Answered
Your Score History
You have not taken this quiz